000 00522nam a2200181Ia 4500
999 _c7579
_d7579
003 OSt
005 20201020160219.0
008 190216s9999||||xx |||||||||||||| ||und||
020 _a8185185123
040 _coclc
082 _a380.03
_bRED/A
100 _aRedfield, Michael
_91140
245 0 _aAcademic's Dictionary Of Commerce /
_cMichael Redfield
260 _bAcademic Publishers,
_c2009.
_aNew Delhi:
300 _a371p
650 _aCommerce
942 _cBK
_2ddc
_h380.03
_iRED/A
_k380.03
_mRED/A